[Event "Titled Tuesday intern op 11th Jun Early"]
[Site "Chess.com INT"]
[Date "2024.06.11"]
[Round "4"]
[White "Jesse, Ingemars"]
[Black "Melikhov, Evgeny V"]
[Result "1-0"]
[WhiteElo "2357"]
[BlackElo "2178"]
[PlyCount "47"]
[EventDate "2024.06.11"]
[EventType "swiss (blitz)"]
[EventRounds "11"]
[EventCountry "USA"]
[SourceTitle "EXT 2025"]
[Source "ChessBase"]
[SourceDate "2024.10.14"]
[SourceVersion "1"]
[SourceVersionDate "2024.10.14"]
[SourceQuality "1"]

1. Nf3 d5 2. g3 Bg4 3. Bg2 Nd7 4. 0-0 e5 5. d4 e4 6. Ne5 Nxe5 7. dxe5 c6 8. c4 f6 9. cxd5 cxd5 10. Nc3 Be6 11. Qa4+ Qd7 12. Qxd7+ Kxd7 13. Rd1 Kc6 14. Bf4 g5 15. Be3 fxe5 16. Rac1 Kd6 17. Nxe4+ Kd7 18. Nxg5 d4 19. Bxd4 exd4 20. Rxd4+ Ke7 21. Re4 Bh6 22. Rxe6+ Kd7 23. Rd1+ Kc7 24. Nf7 1-0

[Event "Titled Tuesday intern op 11th Jun Early"]
[Site "Chess.com INT"]
[Date "2024.06.11"]
[Round "7"]
[White "To, Nhat Minh"]
[Black "Jesse, Ingemars"]
[Result "1-0"]
[WhiteElo "2311"]
[BlackElo "2357"]
[PlyCount "31"]
[EventDate "2024.06.11"]
[EventType "swiss (blitz)"]
[EventRounds "11"]
[EventCountry "USA"]
[SourceTitle "EXT 2025"]
[Source "ChessBase"]
[SourceDate "2024.10.14"]
[SourceVersion "1"]
[SourceVersionDate "2024.10.14"]
[SourceQuality "1"]

1. e4 g6 2. d4 Bg7 3. Nc3 c6 4. h3 d5 5. e5 f6 6. f4 Nh6 7. g4 0-0 8. Nf3 fxe5 9. dxe5 e6 10. Be3 b6 11. Bg2 c5 12. Ng5 Nf7 13. Nxf7 Rxf7 14. Nxd5 Rd7 15. Nc3 Nc6 16. Bxc6 1-0

[Event "Riga Tech op 11th"]
[Site "Riga"]
[Date "2022.08.21"]
[Round "9"]
[White "Jesse, Ingemars"]
[Black "Panek, Bartosz"]
[Result "1-0"]
[WhiteElo "2386"]
[BlackElo "2138"]
[PlyCount "91"]
[EventDate "2022.08.15"]
[EventType "swiss"]
[EventRounds "9"]
[EventCountry "LAT"]
[SourceTitle "CBM 209 Extra"]
[Source "ChessBase"]
[SourceDate "2022.09.30"]
[SourceVersion "1"]
[SourceVersionDate "2022.09.30"]
[SourceQuality "1"]

1. Nf3 d5 2. g3 g6 3. Bg2 Bg7 4. d4 Nf6 5. 0-0 0-0 6. Nbd2 c5 7. dxc5 Na6 8. Nb3 Bf5 9. c3 Rc8 10. Be3 Ne4 11. Ng5 Naxc5 12. Nxc5 Nxc5 13. Bxd5 e6 14. Bg2 Qxd1 15. Raxd1 Na4 16. Bc1 Bb1 17. Bf4 Bxa2 18. Ra1 Bb3 19. Ra3 Nc5 20. Bd6 Rfd8 21. Bxc5 Rxc5 22. Rxb3 Rxg5 23. Rxb7 Ra5 24. b4 Ra2 25. c4 Rxe2 26. Rxa7 Rb2 27. Rb7 Bc3 28. c5 Rxb4 29. c6 Rc4 30. Rc1 Kg7 31. Rb3 Rd3 32. Bf1 Be5 33. Rxc4 Rxb3 34. c7 Bxc7 35. Rxc7 g5 36. h3 Kg6 37. Kg2 h5 38. Rc4 Ra3 39. h4 gxh4 40. Rxh4 Ra5 41. Bd3+ Kh6 42. g4 Rg5 43. Be2 f5 44. f4 Rxg4+ 45. Bxg4 fxg4 46. Kg3 1-0

[Event "Riga Tech op 11th"]
[Site "Riga"]
[Date "2022.08.18"]
[Round "5"]
[White "Jesse, Ingemars"]
[Black "Grutter, Tim"]
[Result "0-1"]
[WhiteElo "2386"]
[BlackElo "2246"]
[PlyCount "130"]
[EventDate "2022.08.15"]
[EventType "swiss"]
[EventRounds "9"]
[EventCountry "LAT"]
[SourceTitle "CBM 209 Extra"]
[Source "ChessBase"]
[SourceDate "2022.09.30"]
[SourceVersion "1"]
[SourceVersionDate "2022.09.30"]
[SourceQuality "1"]

1. Nf3 Nf6 2. g3 g6 3. b3 Bg7 4. Bb2 d6 5. d4 b5 6. c4 bxc4 7. bxc4 Nbd7 8. Nbd2 Rb8 9. Rb1 c5 10. Bg2 0-0 11. 0-0 Qa5 12. dxc5 Nxc5 13. Bc3 Rxb1 14. Bxa5 Rxd1 15. Rxd1 Bb7 16. Bc3 Rc8 17. Rb1 Ba8 18. Bh3 e6 19. Bd4 Nfe4 20. Bxg7 Nxd2 21. Nxd2 Kxg7 22. Bg2 Bc6 23. Rb4 Kf6 24. f4 Ke7 25. Kf2 Kd7 26. Bxc6+ Rxc6 27. Nb3 Kc7 28. Nxc5 Rxc5 29. Ke3 Ra5 30. a4 Ra6 31. Kd4 Rb6 32. Rb5 a6 33. Ra5 Kb7 34. Kc3 Rc6 35. Kd4 Kb6 36. Rg5 h6 37. a5+ Kc7 38. Rg4 Rc5 39. Rh4 h5 40. g4 Rxa5 41. e4 e5+ 42. Kc3 exf4 43. gxh5 Rxh5 44. Rxf4 f5 45. exf5 gxf5 46. Kd4 Kc6 47. h4 a5 48. Kc3 Kd7 49. Rd4 Ke6 50. Rd5 a4 51. Ra5 Rxh4 52. Rxa4 Ke5 53. Ra5+ Ke4 54. Rd5 Rh6 55. Kd2 f4 56. Ke2 Rh2+ 57. Kf1 Rh1+ 58. Kg2 Rh6 59. Kg1 Ke3 60. c5 f3 61. Rf5 Ke2 62. cxd6 Rg6+ 63. Kh2 Rxd6 64. Ra5 f2 65. Re5+ Kf1 0-1

[Event "Titled Tuesday intern op 17th May Early"]
[Site "Chess.com INT"]
[Date "2022.05.17"]
[Round "10"]
[White "Jesse, Ingemars"]
[Black "Bharath, Subramaniyam H"]
[Result "0-1"]
[WhiteElo "2392"]
[BlackElo "2479"]
[PlyCount "64"]
[EventDate "2022.05.17"]
[EventType "swiss (blitz)"]
[EventRounds "11"]
[EventCountry "USA"]
[SourceTitle "CBM 208 Extra"]
[Source "ChessBase"]
[SourceDate "2022.07.31"]
[SourceVersion "1"]
[SourceVersionDate "2022.07.31"]
[SourceQuality "1"]

1. d4 Nf6 2. Bf4 d6 3. Nf3 g6 4. Nc3 Bg7 5. e4 0-0 6. Qd2 c6 7. 0-0-0 b5 8. Bd3 b4 9. Ne2 Qa5 10. Kb1 Be6 11. Nc1 c5 12. d5 Bg4 13. Bh6 c4 14. Bxg7 Kxg7 15. Bxc4 Nxe4 16. Qd4+ Nf6 17. Rde1 Qc7 18. Ng5 Rc8 19. Bd3 a5 20. Ne4 Nbd7 21. f3 Bf5 22. Nxf6 Nxf6 23. Bxf5 gxf5 24. Re2 a4 25. Rhe1 a3 26. b3 Ra5 27. Qxb4 Nxd5 28. Qd4+ e5 29. Qd3 Nc3+ 30. Ka1 Nxe2 31. Rxe2 Rd5 32. Qe3 f4 0-1

[Event "Titled Tuesday intern op 17th May Early"]
[Site "Chess.com INT"]
[Date "2022.05.17"]
[Round "3"]
[White "Jesse, Ingemars"]
[Black "Karacsonyi, Gellert"]
[Result "0-1"]
[WhiteElo "2392"]
[BlackElo "2338"]
[PlyCount "60"]
[EventDate "2022.05.17"]
[EventType "swiss (blitz)"]
[EventRounds "11"]
[EventCountry "USA"]
[SourceTitle "CBM 208 Extra"]
[Source "ChessBase"]
[SourceDate "2022.07.31"]
[SourceVersion "1"]
[SourceVersionDate "2022.07.31"]
[SourceQuality "1"]

1. Nf3 Nf6 2. g3 d5 3. Bg2 e6 4. 0-0 Be7 5. d3 0-0 6. Nbd2 c5 7. e4 Nc6 8. Re1 b5 9. exd5 exd5 10. a4 b4 11. d4 Bg4 12. dxc5 Bxc5 13. Nb3 Bb6 14. Qd3 Ne4 15. Be3 Bxf3 16. Bxf3 Ne5 17. Qe2 Bxe3 18. Qxe3 Qf6 19. Bg2 Ng4 20. Qd4 Qh6 21. Qxd5 Qxh2+ 22. Kf1 Nexf2 23. Qxa8 Rxa8 24. Bxa8 g6 25. Bg2 Qxg3 26. Nc5 Nh2+ 27. Kg1 Nf3+ 28. Kf1 Nxe1 29. Rxe1 Ng4 30. Ne4 Ne3+ 0-1

[Event "Titled Tuesday intern op 17th May Early"]
[Site "Chess.com INT"]
[Date "2022.05.17"]
[Round "5"]
[White "Korchmar, Vasiliy"]
[Black "Jesse, Ingemars"]
[Result "1-0"]
[WhiteElo "2450"]
[BlackElo "2392"]
[PlyCount "57"]
[EventDate "2022.05.17"]
[EventType "swiss (blitz)"]
[EventRounds "11"]
[EventCountry "USA"]
[SourceTitle "CBM 208 Extra"]
[Source "ChessBase"]
[SourceDate "2022.07.31"]
[SourceVersion "1"]
[SourceVersionDate "2022.07.31"]
[SourceQuality "1"]

1. e4 g6 2. d4 Bg7 3. c3 d6 4. Bd3 Nf6 5. Nf3 0-0 6. 0-0 Nc6 7. Re1 e5 8. h3 Re8 9. Bg5 h6 10. Bh4 Qe7 11. Nbd2 b6 12. Nc4 Bb7 13. a4 a6 14. Qb3 Rab8 15. Rad1 Qf8 16. dxe5 Nxe5 17. Nfxe5 dxe5 18. f3 Nd7 19. Bf1 Nc5 20. Qa3 h5 21. Bf2 Ne6 22. Qa2 Rbd8 23. Ne3 Rxd1 24. Rxd1 Rd8 25. Nd5 Bxd5 26. exd5 Nf4 27. g3 Nxd5 28. Rxd5 Rxd5 29. Qxd5 1-0

[Event "Riga Tech op-A"]
[Site "Riga"]
[Date "2021.08.12"]
[Round "5"]
[White "Krustkalns, Kristaps"]
[Black "Jesse, Ingemars"]
[Result "0-1"]
[WhiteElo "2198"]
[BlackElo "2392"]
[PlyCount "36"]
[EventDate "2021.08.09"]
[EventType "swiss"]
[EventRounds "9"]
[EventCountry "LAT"]
[SourceTitle "CBM 203 Extra"]
[Source "ChessBase"]
[SourceDate "2021.09.30"]
[SourceVersion "1"]
[SourceVersionDate "2021.09.30"]
[SourceQuality "1"]

1. e4 g6 2. d4 Bg7 3. Nc3 c6 4. Nf3 d6 5. Be2 Nf6 6. 0-0 0-0 7. a4 Nbd7 8. Re1 e5 9. h3 exd4 10. Nxd4 Re8 11. Nb3 Nxe4 12. Nxe4 Rxe4 13. Qxd6 Qe8 14. Qd1 Nf6 15. Be3 Bxh3 16. gxh3 Rxe3 17. fxe3 Qxe3+ 18. Kg2 Ne4 0-1

[Event "Riga Tech op-A"]
[Site "Riga"]
[Date "2021.08.11"]
[Round "4"]
[White "Jesse, Ingemars"]
[Black "Mansoor, Afras"]
[Result "1/2-1/2"]
[WhiteElo "2392"]
[BlackElo "2192"]
[PlyCount "131"]
[EventDate "2021.08.09"]
[EventType "swiss"]
[EventRounds "9"]
[EventCountry "LAT"]
[SourceTitle "CBM 203 Extra"]
[Source "ChessBase"]
[SourceDate "2021.09.30"]
[SourceVersion "1"]
[SourceVersionDate "2021.09.30"]
[SourceQuality "1"]

1. Nf3 d5 2. g3 c6 3. Bg2 Bg4 4. 0-0 e6 5. d4 Nf6 6. Nbd2 Nbd7 7. Re1 Be7 8. e4 dxe4 9. Nxe4 0-0 10. c3 Nxe4 11. Rxe4 Bf5 12. Re1 h6 13. Qb3 Qb6 14. Nd2 Bd6 15. Nc4 Qxb3 16. axb3 Bc7 17. b4 a6 18. h3 Rac8 19. g4 Bd3 20. Na5 Bxa5 21. Rxa5 Rfe8 22. Re3 Bc4 23. f4 Nb6 24. Rc5 Bd5 25. Bf1 Nd7 26. Ra5 Nb6 27. Re1 Bc4 28. Rae5 Bxf1 29. Kxf1 Nc4 30. Rc5 Nd6 31. Rce5 Nc4 32. Rc5 Nd6 33. Rce5 Kf8 34. b3 Rc7 35. c4 b5 36. c5 Nc8 37. f5 Rce7 38. f6 gxf6 39. Bxh6+ Kg8 40. R5e4 Rd8 41. Rf4 Ra7 42. g5 fxg5 43. Bxg5 Rd5 44. Bf6 Ne7 45. Re5 Rxe5 46. dxe5 Nd5 47. Rh4 Nxf6 48. exf6 Rd7 49. Ke2 Rd5 50. Rg4+ Kf8 51. Rh4 Kg8 52. Rg4+ Kf8 53. Ke3 Re5+ 54. Re4 Rf5 55. Rf4 Re5+ 56. Kd4 Rd5+ 57. Ke4 Kg8 58. Rg4+ Kf8 59. Rg3 Rf5 60. Rf3 Rh5 61. Rd3 Rd5 62. Rf3 Rh5 63. Rd3 Rd5 64. Rg3 Rf5 65. Rd3 Rd5 66. Rf3 1/2-1/2

[Event "LAT-chT"]
[Site "Riga"]
[Date "2017.11.19"]
[Round "5.3"]
[White "Jesse, Ingemars"]
[Black "Kovalenko, Igor"]
[Result "1/2-1/2"]
[WhiteElo "2387"]
[BlackElo "2636"]
[PlyCount "96"]
[EventDate "2017.11.17"]
[EventType "team-swiss"]
[EventRounds "7"]
[EventCountry "LAT"]
[SourceTitle "CBM 181 Extra"]
[Source "ChessBase"]
[SourceDate "2017.12.12"]
[SourceVersion "1"]
[SourceVersionDate "2017.12.12"]
[SourceQuality "1"]
[WhiteTeam "Daugava"]
[BlackTeam "Termo Eko/RSF"]
[WhiteTeamCountry "LAT"]
[BlackTeamCountry "LAT"]

1. Nf3 c5 2. g3 g6 3. c3 b6 4. d4 Nf6 5. Bg2 Bb7 6. 0-0 Bg7 7. Qb3 cxd4 8. Ne5 d5 9. cxd4 0-0 10. Nc3 Nc6 11. Nxc6 Bxc6 12. Bf4 e6 13. Be5 Rc8 14. e3 h5 15. Bxf6 Bxf6 16. Rfc1 Be7 17. Bf1 Bb7 18. Ne2 Rb8 19. Qa4 a6 20. Nf4 Bd6 21. Nd3 h4 22. Ne5 hxg3 23. hxg3 Kg7 24. Qd7 Bxe5 25. Qxd8 Rfxd8 26. dxe5 d4 27. exd4 Rxd4 28. Bg2 Bxg2 29. Kxg2 Rd2 30. b3 g5 31. a4 a5 32. Rab1 b5 33. Ra1 Rd5 34. Re1 Kg6 35. Re3 Rd4 36. axb5 Rxb5 37. Rc1 Rd2 38. Rc7 Rd8 39. Rf3 Rxe5 40. Rfxf7 Rg8 41. g4 Rb5 42. Rf3 Rg7 43. Rc8 Rgb7 44. Re8 R5b6 45. Rg8+ Rg7 46. Ra8 Rb4 47. Kg3 Rgb7 48. Rxa5 Rxb3 1/2-1/2

[Event "LAT-chT"]
[Site "Riga"]
[Date "2017.11.18"]
[Round "3.3"]
[White "Jesse, Ingemars"]
[Black "Dzjuba, Vsevolod"]
[Result "1/2-1/2"]
[WhiteElo "2387"]
[BlackElo "2254"]
[PlyCount "49"]
[EventDate "2017.11.17"]
[EventType "team-swiss"]
[EventRounds "7"]
[EventCountry "LAT"]
[SourceTitle "CBM 181 Extra"]
[Source "ChessBase"]
[SourceDate "2017.12.12"]
[SourceVersion "1"]
[SourceVersionDate "2017.12.12"]
[SourceQuality "1"]
[WhiteTeam "Daugava"]
[BlackTeam "Istra A/RSF"]
[WhiteTeamCountry "LAT"]
[BlackTeamCountry "LAT"]

1. Nf3 Nf6 2. g3 g6 3. b3 Bg7 4. Bb2 d6 5. d4 0-0 6. Bg2 Nc6 7. 0-0 e5 8. dxe5 Ng4 9. c4 Ncxe5 10. Nc3 Nxf3+ 11. Bxf3 Rb8 12. e4 Ne5 13. Bg2 a6 14. h3 Nc6 15. Qd2 Nd4 16. f4 b5 17. Nxb5 Nxb3 18. axb3 Bxb2 19. Qxb2 axb5 20. Qc3 bxc4 21. bxc4 Qe7 22. c5 dxc5 23. Ra5 c4 24. Qxc4 Rb2 25. Qd4 1/2-1/2

[Event "Ruhrgebiet Verbandsliga Gruppe 2 1617"]
[Site "Germany"]
[Date "2017.04.30"]
[Round "9.1"]
[White "Jesse, Ingemars"]
[Black "Sundorf, Jannik"]
[Result "1/2-1/2"]
[WhiteElo "2318"]
[BlackElo "2123"]
[PlyCount "80"]
[EventDate "2016.09.04"]
[EventType "team-tourn"]
[EventRounds "9"]
[EventCountry "GER"]
[SourceTitle "EXT 2022"]
[Source "ChessBase"]
[SourceDate "2021.10.06"]
[SourceVersion "1"]
[SourceVersionDate "2021.10.06"]
[SourceQuality "1"]
[WhiteTeam "Essen Listiger Bauer"]
[BlackTeam "Dortmund Hansa II"]
[WhiteTeamCountry "GER"]
[BlackTeamCountry "GER"]

1. Nf3 Nf6 2. g3 b6 3. Bg2 Bb7 4. 0-0 e6 5. d3 d5 6. Nbd2 Be7 7. e4 dxe4 8. dxe4 c5 9. e5 Nd5 10. a3 0-0 11. Qe2 Nc6 12. Rd1 Qc8 13. c4 Nc7 14. b3 f5 15. exf6 Bxf6 16. Ra2 Nd4 17. Nxd4 Bxd4 18. Ne4 Ne8 19. Be3 e5 20. Bxd4 exd4 21. Qd3 Qd7 22. Re2 Nf6 23. Rde1 Nxe4 24. Bxe4 Bxe4 25. Rxe4 Rae8 26. f4 Qf5 27. Qf3 Rxe4 28. Rxe4 g5 29. Kg2 gxf4 30. Rxf4 Qc2+ 31. Kh3 Rxf4 32. Qxf4 Qxb3 33. Qb8+ Kg7 34. Qc7+ Kg8 35. Qd8+ Kf7 36. Qd7+ Kg8 37. Qe8+ Kg7 38. Qe7+ Kg8 39. Qe8+ Kg7 40. Qe7+ Kg8 1/2-1/2

[Event "Ruhrgebiet Verbandsklasse Gruppe 1 1516"]
[Site "Germany"]
[Date "2015.12.20"]
[Round "5.1"]
[White "Jesse, Ingemars"]
[Black "Thelen, Thomas"]
[Result "1/2-1/2"]
[WhiteElo "2368"]
[BlackElo "2055"]
[PlyCount "54"]
[EventDate "2015.09.06"]
[EventType "team-tourn"]
[EventRounds "9"]
[EventCountry "GER"]
[SourceTitle "EXT 2022"]
[Source "ChessBase"]
[SourceDate "2021.10.06"]
[SourceVersion "1"]
[SourceVersionDate "2021.10.06"]
[SourceQuality "1"]
[WhiteTeam "Essen Listiger Bauer"]
[BlackTeam "Wattenscheid SV IV"]
[WhiteTeamCountry "GER"]
[BlackTeamCountry "GER"]

1. Nf3 c5 2. e4 d6 3. Bb5+ Bd7 4. Bxd7+ Qxd7 5. 0-0 Nf6 6. Re1 Nc6 7. c3 e6 8. d4 cxd4 9. cxd4 d5 10. e5 Ne4 11. Nbd2 Nxd2 12. Bxd2 Be7 13. Rc1 0-0 14. Re3 Rac8 15. Rec3 h6 16. h3 b5 17. Qc2 Nb4 18. Rc7 Nxc2 19. Rxd7 Bb4 20. Rxc2 Rxc2 21. Bxb4 Rfc8 22. Rxa7 R8c4 23. a3 Rxb2 24. Ra8+ Kh7 25. Ra7 Kg8 26. Ra8+ Kh7 27. Ra7 Kg8 1/2-1/2

[Event "Ruhrgebiet Verbandsklasse Gruppe 1 1516"]
[Site "Germany"]
[Date "2015.11.29"]
[Round "4.1"]
[White "Schulze Bergcamen, Stefan"]
[Black "Jesse, Ingemars"]
[Result "1/2-1/2"]
[WhiteElo "1909"]
[BlackElo "2368"]
[PlyCount "23"]
[EventDate "2015.09.06"]
[EventType "team-tourn"]
[EventRounds "9"]
[EventCountry "GER"]
[SourceTitle "EXT 2022"]
[Source "ChessBase"]
[SourceDate "2021.10.06"]
[SourceVersion "1"]
[SourceVersionDate "2021.10.06"]
[SourceQuality "1"]
[WhiteTeam "Kamen SV II"]
[BlackTeam "Essen Listiger Bauer"]
[WhiteTeamCountry "GER"]
[BlackTeamCountry "GER"]

1. Nf3 d6 2. g3 e5 3. Bg2 e4 4. Nd4 f5 5. d3 Nf6 6. c4 d5 7. cxd5 Qxd5 8. Nc2 Qf7 9. Nc3 Bc5 10. Be3 Bxe3 11. Nxe3 exd3 12. Qxd3 1/2-1/2

[Event "Ruhrgebiet Verbandsklasse Gruppe 1 1516"]
[Site "Germany"]
[Date "2015.11.08"]
[Round "3.1"]
[White "Jesse, Ingemars"]
[Black "Kusnetsov, Mark"]
[Result "1/2-1/2"]
[WhiteElo "2368"]
[BlackElo "2086"]
[PlyCount "30"]
[EventDate "2015.09.06"]
[EventType "team-tourn"]
[EventRounds "9"]
[EventCountry "GER"]
[SourceTitle "EXT 2022"]
[Source "ChessBase"]
[SourceDate "2021.10.06"]
[SourceVersion "1"]
[SourceVersionDate "2021.10.06"]
[SourceQuality "1"]
[WhiteTeam "Essen Listiger Bauer"]
[BlackTeam "Recklinghausen Altstadt"]
[WhiteTeamCountry "GER"]
[BlackTeamCountry "GER"]

1. Nf3 Nf6 2. g3 d5 3. Bg2 e6 4. 0-0 Nbd7 5. d3 b6 6. e4 dxe4 7. Nfd2 Bb7 8. Nc3 Nc5 9. dxe4 Be7 10. Re1 h5 11. e5 Nd5 12. Nce4 Nxe4 13. Bxe4 c6 14. Qf3 Qc7 15. a3 Qxe5 1/2-1/2

[Event "Ruhrgebiet Verbandsklasse Gruppe 1 1516"]
[Site "Germany"]
[Date "2015.09.06"]
[Round "1.1"]
[White "Kindermann, Carsten"]
[Black "Jesse, Ingemars"]
[Result "0-1"]
[WhiteElo "1940"]
[BlackElo "2368"]
[PlyCount "46"]
[EventDate "2015.09.06"]
[EventType "team-tourn"]
[EventRounds "9"]
[EventCountry "GER"]
[SourceTitle "EXT 2022"]
[Source "ChessBase"]
[SourceDate "2021.10.06"]
[SourceVersion "1"]
[SourceVersionDate "2021.10.06"]
[SourceQuality "1"]
[WhiteTeam "Borbeck Weisse Dame II"]
[BlackTeam "Essen Listiger Bauer"]
[WhiteTeamCountry "GER"]
[BlackTeamCountry "GER"]

1. e4 c5 2. c3 Nf6 3. e5 Nd5 4. d4 cxd4 5. cxd4 g6 6. Nc3 Nxc3 7. bxc3 Bg7 8. Bd3 Nc6 9. f4 d5 10. g4 Qc7 11. Bd2 h5 12. f5 hxg4 13. Qxg4 Bxe5 14. Qg2 Bxf5 15. Bxf5 gxf5 16. dxe5 Nxe5 17. Qxd5 Rd8 18. Qb5+ Kf8 19. 0-0-0 Nd3+ 20. Kc2 a6 21. Qxf5 Qc4 22. Qa5 Rd5 23. Qa3 Qe4 0-1

[Event "BL2-West 1415"]
[Site "Germany"]
[Date "2015.04.12"]
[Round "9.7"]
[White "Gulbas, Cemil"]
[Black "Jesse, Ingemars"]
[Result "1/2-1/2"]
[WhiteElo "2357"]
[BlackElo "2382"]
[PlyCount "52"]
[EventDate "2014.09.21"]
[EventType "team-tourn"]
[EventRounds "9"]
[EventCountry "GER"]
[SourceTitle "CBM 166 Extra"]
[Source "ChessBase"]
[SourceDate "2015.06.18"]
[SourceVersion "1"]
[SourceVersionDate "2015.06.18"]
[SourceQuality "1"]
[WhiteTeam "Aachen Aufwaerts"]
[BlackTeam "Bochum SG"]
[WhiteTeamCountry "GER"]
[BlackTeamCountry "GER"]

1. e4 g6 2. d4 Nf6 3. Nc3 d5 4. e5 Ne4 5. Nxe4 dxe4 6. Be3 Bg7 7. Bc4 0-0 8. c3 c5 9. dxc5 Qc7 10. Qc2 Nc6 11. Qxe4 Bf5 12. Qh4 Nxe5 13. Nf3 Nxc4 14. Qxc4 Rfd8 15. Qb4 a5 16. Qb6 Qd7 17. 0-0 Bc2 18. Bf4 Rdc8 19. Rfc1 Ba4 20. c6 Bxc6 21. Qe3 Bxf3 22. Qxf3 e5 23. Be3 b5 24. Rd1 Qe8 25. a3 Rab8 26. Ba7 e4 1/2-1/2

[Event "Dortmund Sparkassen op-A"]
[Site "Dortmund"]
[Date "2014.07.20"]
[Round "9"]
[White "Schmitz, Philipp"]
[Black "Jesse, Ingemars"]
[Result "0-1"]
[WhiteElo "2194"]
[BlackElo "2363"]
[PlyCount "42"]
[EventDate "2014.07.12"]
[EventType "swiss"]
[EventRounds "9"]
[EventCountry "GER"]
[SourceTitle "CBM 161 Extra"]
[Source "ChessBase"]
[SourceDate "2014.08.29"]
[SourceVersion "1"]
[SourceVersionDate "2014.08.29"]
[SourceQuality "1"]

1. e4 g6 2. d4 Bg7 3. Nc3 d6 4. f4 a6 5. Be3 b5 6. a4 b4 7. Na2 a5 8. c3 bxc3 9. Nxc3 Nf6 10. Rc1 Ng4 11. Qd2 c6 12. d5 Nxe3 13. Qxe3 0-0 14. Nf3 Bd7 15. Kf2 Na6 16. Bxa6 Rxa6 17. Nd4 cxd5 18. exd5 Rb6 19. Rc2 Rb4 20. Rd1 Qb6 21. Nc6 Rxf4+ 0-1

[Event "Dortmund Sparkassen op-A"]
[Site "Dortmund"]
[Date "2014.07.16"]
[Round "5"]
[White "Henrichs, Thomas"]
[Black "Jesse, Ingemars"]
[Result "1/2-1/2"]
[WhiteElo "2493"]
[BlackElo "2363"]
[PlyCount "44"]
[EventDate "2014.07.12"]
[EventType "swiss"]
[EventRounds "9"]
[EventCountry "GER"]
[SourceTitle "CBM 161 Extra"]
[Source "ChessBase"]
[SourceDate "2014.08.29"]
[SourceVersion "1"]
[SourceVersionDate "2014.08.29"]
[SourceQuality "1"]

1. Nf3 g6 2. d4 Bg7 3. c4 d6 4. Nc3 e5 5. g3 exd4 6. Nxd4 Nc6 7. Nxc6 bxc6 8. Bg2 Ne7 9. 0-0 0-0 10. Qa4 Rb8 11. Rd1 c5 12. Qc2 Bf5 13. Qd2 a5 14. Nb5 Be6 15. Qc2 Qd7 16. Be3 Bxc4 17. Nxd6 cxd6 18. Qxc4 Rxb2 19. Qa6 Qb5 20. Qxd6 Nf5 21. Qxc5 Nxe3 22. Qxe3 Qxe2 1/2-1/2

[Event "Dortmund Sparkassen op-A"]
[Site "Dortmund"]
[Date "2013.08.02"]
[Round "7"]
[White "Jesse, Ingemars"]
[Black "Imcke, Patrick"]
[Result "0-1"]
[WhiteElo "2320"]
[BlackElo "1962"]
[PlyCount "68"]
[EventDate "2013.07.27"]
[EventType "swiss"]
[EventRounds "9"]
[EventCountry "GER"]
[SourceTitle "CBM 155 Extra"]
[Source "ChessBase"]
[SourceDate "2013.08.26"]
[SourceVersion "1"]
[SourceVersionDate "2013.08.26"]
[SourceQuality "1"]

1. c4 e5 2. g3 Nf6 3. Bg2 d5 4. cxd5 Nxd5 5. Nc3 Nb6 6. Nf3 Nc6 7. Rb1 f6 8. 0-0 Be6 9. a3 Be7 10. b4 a5 11. b5 Nd4 12. e3 Nxf3+ 13. Qxf3 Rb8 14. d4 exd4 15. exd4 0-0 16. Re1 Bf7 17. Ne4 Re8 18. Rd1 Bd5 19. Qg4 Bf8 20. Re1 g6 21. Qd1 f5 22. Bg5 Be7 23. Nf6+ Bxf6 24. Rxe8+ Qxe8 25. Bxf6 Bxg2 26. Kxg2 Qe4+ 27. Kg1 Nd5 28. Qb3 a4 29. Qa2 Kf8 30. Bg5 Nc3 31. Bh6+ Ke7 32. Bg5+ Kd6 33. Bf4+ Qxf4 34. Qc4 Qe4 0-1

[Event "Dortmund Sparkassen op-A"]
[Site "Dortmund"]
[Date "2013.07.29"]
[Round "3"]
[White "Jesse, Ingemars"]
[Black "Schiefelbusch, Dirk"]
[Result "0-1"]
[WhiteElo "2320"]
[BlackElo "2133"]
[PlyCount "28"]
[EventDate "2013.07.27"]
[EventType "swiss"]
[EventRounds "9"]
[EventCountry "GER"]
[SourceTitle "CBM 155 Extra"]
[Source "ChessBase"]
[SourceDate "2013.08.26"]
[SourceVersion "1"]
[SourceVersionDate "2013.08.26"]
[SourceQuality "1"]

1. g3 d5 2. Bg2 Nf6 3. Nf3 Bg4 4. c4 c6 5. cxd5 cxd5 6. Qb3 Qc8 7. Nc3 e6 8. d3 Nc6 9. h3 Bh5 10. g4 Bg6 11. Bf4 Be7 12. Nb5 0-0 13. Nd6 Qb8 14. Qa3 Rd8 0-1

[Event "Dortmund Sparkassen op-A"]
[Site "Dortmund"]
[Date "2013.07.28"]
[Round "2"]
[White "Plassmann, Dominik"]
[Black "Jesse, Ingemars"]
[Result "0-1"]
[WhiteElo "2078"]
[BlackElo "2320"]
[PlyCount "58"]
[EventDate "2013.07.27"]
[EventType "swiss"]
[EventRounds "9"]
[EventCountry "GER"]
[SourceTitle "CBM 155 Extra"]
[Source "ChessBase"]
[SourceDate "2013.08.26"]
[SourceVersion "1"]
[SourceVersionDate "2013.08.26"]
[SourceQuality "1"]

1. e4 g6 2. d4 Bg7 3. Nc3 d6 4. f4 a6 5. a4 Nf6 6. Nf3 c5 7. d5 0-0 8. Bc4 e6 9. dxe6 Bxe6 10. Bxe6 fxe6 11. 0-0 Nc6 12. h3 Qe7 13. Be3 Rad8 14. Qe1 Nh5 15. Nh2 Bd4 16. g3 d5 17. Nd1 dxe4 18. c3 Bxe3+ 19. Qxe3 Rd3 20. Qxe4 Rxg3+ 21. Kh1 Rxh3 22. Qg2 Qh4 23. Nf2 Nxf4 24. Nxh3 Nxg2 25. Kxg2 Qe4+ 26. Kg3 Qe3+ 27. Nf3 Ne5 28. Nhg1 Qf4+ 29. Kg2 Qg4+ 0-1

[Event "Cologne Longerich op-A 10th"]
[Site "Cologne"]
[Date "2013.07.19"]
[Round "1"]
[White "Speck, Stefan"]
[Black "Jesse, Ingemars"]
[Result "0-1"]
[WhiteElo "1998"]
[BlackElo "2320"]
[PlyCount "52"]
[EventDate "2013.07.19"]
[EventType "tourn"]
[EventRounds "5"]
[EventCountry "GER"]
[SourceTitle "EXT 2017"]
[Source "ChessBase"]
[SourceDate "2016.10.25"]
[SourceVersion "1"]
[SourceVersionDate "2016.10.25"]
[SourceQuality "1"]

1. d4 g6 2. c4 Bg7 3. Nf3 d6 4. Nc3 Nf6 5. h3 0-0 6. e4 c5 7. d5 b5 8. cxb5 a6 9. b6 Nbd7 10. Nd2 Nxb6 11. Nc4 a5 12. Bd2 e6 13. Bg5 exd5 14. Nxd5 Nbxd5 15. exd5 h6 16. Bf4 g5 17. Bh2 Bb7 18. Be2 a4 19. 0-0 a3 20. Rb1 Bxd5 21. Bxd6 Re8 22. Bh2 axb2 23. Rxb2 Ne4 24. Nd6 Nxd6 25. Qxd5 Bxb2 26. Bh5 Re6 0-1